| 000 | 00000nam 2200000zi 4500 |
| 001 | 9.944905 |
| 003 | CaOODSP |
| 005 | 20241106134715 |
| 006 | m o d f |
| 007 | cr bn||||||||| |
| 008 | 241106s2024 onc ol f000 0 eng d |
| 040 | |aCaOODSP|beng|erda|cCaOODSP |
| 041 | 0 |aeng|afre |
| 043 | |an-cn--- |
| 086 | 1 |aYB441-269/3-PDF |
| 110 | 1 |aCanada. |bParliament. |bSenate, |eissuing body. |
| 245 | 13|aAn Act respecting a national framework on advertising for sports betting = |bLoi concernant un cadre national sur la publicité sur les paris sportifs. |
| 246 | 31|aLoi concernant un cadre national sur la publicité sur les paris sportifs |
| 246 | 1 |iShort title: |aNational Framework on Advertising for Sports Betting Act |
| 264 | 1|a[Ottawa] : |bSenate of Canada = Sénat du Canada, |c2024. |
| 300 | |a1 online resource (ii, 4 pages). |
| 336 | |atext|btxt|2rdacontent |
| 337 | |acomputer|bc|2rdamedia |
| 338 | |aonline resource|bcr|2rdacarrier |
| 490 | 1 |aBill S-... ; |vBill S-269, 1st Session, 44th Parliament |
| 500 | |a"First Session, Forty-fourth Parliament, 70-71 Elizabeth II - 1-2-3 Charles III, 2021-2022-2023-2024." |
| 500 | |a"As passed by the Senate, November 5, 2024." |
| 500 | |a"4412322." |
| 520 | |a"This enactment provides for the development of a national framework to regulate advertising for sports betting in Canada and to set national standards for prevention of risk for persons negatively impacted. It also provides for the Canadian Radiotelevision and Telecommunications Commission to review its regulations and policies to assess their adequacy and effectiveness in reducing the incidence of harms resulting from the proliferation of advertising of sports betting"--Summary, page ii. |
| 546 | |aText in English and French. |
| 650 | 0|aSports betting|xLaw and legislation|zCanada. |
| 650 | 0|aAdvertising laws|zCanada. |
| 655 | 7|aLegislative bills|2lcgft |
| 788 | |tAn Act respecting a national framework on advertising for sports betting = |efre|w(CaOODSP)9.944907 |
| 830 | #0|aBill S-...|vBill S-269, 1st Session, 44th Parliament.|w(CaOODSP)9.500665 |
| 856 | 40|qPDF|s110 KB|uhttps://publications.gc.ca/collections/collection_2024/sen/YB441-269-3.pdf |
| 856 | 4 |qHTML|sN/A|uhttps://www.parl.ca/documentviewer/en/44-1/bill/S-269/third-reading?col=2 |